000 00601nmm a2200157Ia 4500
008 251105s9999||||xx |||||||||||||||||und||
020 _a9786075644011
041 _aspa
100 _aVázquez Valenzuela, David Adán
245 0 _aDe betabeles y revoluciones :
_b El Partido Liberal Mexicano y la producción de remolacha azucarera en el sur de California y el sureste de Colorado, 1890-1929
264 _a[México D.C., Mexico] :
_bEl Colegio de México,
_c2023
300 _a662 páginas
650 _aHistory (General)
856 _uhttps://public.digitaliapublishing.com/a/131893
942 _cCF
999 _c75824
_d75824